000 00508cam a22002051 4500
001 sa 64004544
003 DLC
005 20260227112025.0
008 890621s1962 ii 000 0 tamo
010 _asa 64004544
035 _a(OCoLC)19906225
040 _aDLC
_cWaU
_dDLC
050 0 0 _aPL4751
_b.M4
100 1 _aMīn̲āṭcicuntaran̲ār, Te. Po.,
_d1901-1980.
245 1 0 _aTamil̲ maṇam.
260 _c[1962]
300 _a118 p.
_c19 cm.
500 _aIn Tamil.
650 0 _aTamil philology.
999 _c58581
_d58581